Normal view
MARC view
- Nuclear weapons
Entry Topical Term
001 - CONTROL NUMBER
- control field: 89809
003 - CONTROL NUMBER IDENTIFIER
- control field: NUST
005 - DATE AND TIME OF LATEST TRANSACTION
- control field: 20220228124334.0
008 - FIXED-LENGTH DATA ELEMENTS
- fixed length control field: 220228|| aca||aabn | a|a d
040 ## - CATALOGING SOURCE
- Original cataloging agency: NUST
- Transcribing agency: NUST
150 ## - HEADING--TOPICAL TERM
- Topical term or geographic name entry element: Nuclear weapons
- General subdivision: Government policy
- Geographic subdivision: India
670 ## - SOURCE DATA FOUND
- Source citation: Work cat.: (NUST)0: Bukhari, Syed Shahid Hussain, author. 89806, Pakistan's security and the India-US strategic partnership :
